000 00270nam a22001217a 4500
008 181030b xxu||||| |||| 00| 0 eng d
041 _aeng
080 _a541
100 _a12
101 _aKIM
245 _a A Short Course in Organic Chemistry
_cHart
942 _2udc
_cBK
999 _c51199
_d51199